[Event "AUTO-OPEN-1616"]
[Site "http://www.queenalice.com/game.php?id=616610"]
[Date "2009.7.10"]
[Round "1"]
[White "Cleverton__de_Oliveira"]
[Black "XaraX"]
[Result "0-1"]
[WhiteElo "1740"]
[BlackElo "1873"]

1. d4 d5 2. c4 c6 3. e3 Nf6 4. Nf3 Bg4 5. Bd3 e6 6. O-O Bd6 7. Nc3 O-O 8. b3 Re8
9. Bb2 a6 10. c5 Bc7 11. b4 b5 12. a4 Nbd7 13. axb5 axb5 14. Be2 Qb8 15. Qb3
Bxf3 16. Bxf3 Bxh2+ 17. Kh1 Bc7 18. Rxa8 Qxa8 19. Ra1 Qb7 20. Qa3 e5 21. Qa6
Qxa6 22. Rxa6 exd4 23. exd4 Re1# 0-1

[Event "AUTO-OPEN-1616"]
[Site "http://www.queenalice.com/game.php?id=616611"]
[Date "2009.7.10"]
[Round "1"]
[White "XaraX"]
[Black "Cleverton__de_Oliveira"]
[Result "1-0"]
[WhiteElo "1867"]
[BlackElo "1687"]

1. d4 d5 2. c4 c6 3. Nc3 e6 4. Nf3 Nf6 5. Bg5 Be7 6. e3 O-O 7. Bd3 b6 8. cxd5
cxd5 9. O-O Bb7 10. h3 Nc6 11. Qc2 Nb4 12. Qb1 Nxd3 13. Qxd3 Qc8 14. Rfc1 Ba6
15. Qd2 b5 16. a3 Qb7 17. b4 Rac8 18. Ne5 Rc7 19. Ne2 Rfc8 20. Rxc7 Rxc7 21. Rc1
Qc8 22. Rxc7 Qxc7 23. Qc3 Qb6 24. Bxf6 Bxf6 25. Nd7 Qd8 26. Qc6 1-0

[Event "AUTO-OPEN-1616"]
[Site "http://www.queenalice.com/game.php?id=616612"]
[Date "2009.7.10"]
[Round "1"]
[White "Cleverton__de_Oliveira"]
[Black "andre2006"]
[Result "0-1"]
[WhiteElo "1677"]
[BlackElo "1813"]

1. d4 Nf6 2. c4 d6 3. Nc3 Bf5 4. e3 Nbd7 5. Nf3 e5 6. dxe5 dxe5 7. Qa4 Be7 8.
Nxe5 O-O 9. Nxd7 Nxd7 10. Be2 Nc5 11. Qd1 Nd3+ 12. Bxd3 Bxd3 0-1

[Event "AUTO-OPEN-1616"]
[Site "http://www.queenalice.com/game.php?id=616613"]
[Date "2009.7.10"]
[Round "1"]
[White "andre2006"]
[Black "Cleverton__de_Oliveira"]
[Result "1-0"]
[WhiteElo "1824"]
[BlackElo "1665"]

1. d4 d5 2. e3 Nf6 3. Nc3 e6 4. Nf3 Be7 5. Be2 Nc6 6. O-O O-O 7. Bd2 a6 8. Re1
b5 9. Bd3 Bb7 10. e4 dxe4 11. Nxe4 Nxd4 12. Nxd4 1-0

[Event "AUTO-ADV-1395"]
[Site "http://www.queenalice.com/game.php?id=616696"]
[Date "2009.7.10"]
[Round "1"]
[White "Cleverton__de_Oliveira"]
[Black "andre2006"]
[Result "0-1"]
[WhiteElo "1655"]
[BlackElo "1834"]

1. d4 Nf6 2. c4 d6 3. Nc3 Bf5 4. e3 Nbd7 5. Nf3 e5 6. dxe5 dxe5 7. Qa4 Be7 8.
Nxe5 O-O 9. Nxd7 Nxd7 10. Be2 Nc5 11. Qd1 Nd3+ 0-1

[Event "AUTO-ADV-1395"]
[Site "http://www.queenalice.com/game.php?id=616697"]
[Date "2009.7.10"]
[Round "1"]
[White "andre2006"]
[Black "Cleverton__de_Oliveira"]
[Result "1-0"]
[WhiteElo "1843"]
[BlackElo "1646"]

1. d4 d5 2. e3 Bf5 3. c4 c6 4. Nc3 Nf6 5. Nf3 e6 6. Be2 Bd6 7. O-O O-O 8. Bd3
Bg6 9. Bxg6 hxg6 10. cxd5 cxd5 11. Re1 a6 12. e4 1-0

[Event "AUTO-ADV-1395"]
[Site "http://www.queenalice.com/game.php?id=616698"]
[Date "2009.7.10"]
[Round "1"]
[White "Cleverton__de_Oliveira"]
[Black "luizpessoa"]
[Result "0-1"]
[WhiteElo "1702"]
[BlackElo "1786"]

1. d4 Nc6 2. c4 d5 3. e3 dxc4 4. Bxc4 Bf5 5. Nf3 e6 6. O-O a6 7. Nc3 Bd6 8. a3
b5 9. Ba2 Na5 10. b4 Nc6 11. Bb2 Qf6 12. Rc1 Nce7 13. h3 g5 14. e4 Bxe4 15. Nxe4
Qf4 16. Nxd6+ Qxd6 17. d5 exd5 18. Bxh8 Ng6 19. Re1+ Kd7 20. Be5 Nxe5 21. Nxe5+
Kc8 22. Bxd5 Nf6 23. Nxf7 Qxd5 24. Re8+ Kb7 25. Rxc7+ Kb6 26. Qxd5 Nxd5 27. Rxa8
Nxc7 28. Rh8 Nd5 29. Rxh7 Nc3 0-1

[Event "AUTO-ADV-1395"]
[Site "http://www.queenalice.com/game.php?id=616699"]
[Date "2009.7.10"]
[Round "1"]
[White "luizpessoa"]
[Black "Cleverton__de_Oliveira"]
[Result "1-0"]
[WhiteElo "1772"]
[BlackElo "1719"]

1. e4 c5 2. d4 b6 3. d5 d6 4. Nc3 g6 5. h3 Bg7 6. Bc4 Nf6 7. Nf3 O-O 8. Bg5 Bb7
9. Rb1 Nbd7 10. Qd2 a6 11. a3 b5 12. Bb3 b4 13. axb4 cxb4 14. Bxf6 Nxf6 15. Ne2
a5 16. Ned4 Nxe4 17. Qe3 Nc5 18. c4 a4 19. Bd1 Qb6 20. O-O Rfc8 21. Re1 Bf6 22.
h4 Kg7 23. h5 Ba6 24. hxg6 hxg6 25. Be2 1-0

[Event "AUTO-INT-1372"]
[Site "http://www.queenalice.com/game.php?id=616814"]
[Date "2009.7.11"]
[Round "1"]
[White "Cleverton__de_Oliveira"]
[Black "Superpoderosa"]
[Result "0-1"]
[WhiteElo "1721"]
[BlackElo "2078"]

1. d4 Nf6 2. c4 e6 3. e3 d5 4. Nf3 Nbd7 5. Bd3 c6 6. O-O Bd6 7. Nbd2 O-O 8. b3
Re8 9. Re1 e5 10. e4 dxe4 0-1

[Event "AUTO-INT-1372"]
[Site "http://www.queenalice.com/game.php?id=616815"]
[Date "2009.7.11"]
[Round "1"]
[White "Superpoderosa"]
[Black "Cleverton__de_Oliveira"]
[Result "1-0"]
[WhiteElo "2076"]
[BlackElo "1724"]

1. Nf3 g6 2. e4 Bg7 3. d4 e6 4. Be2 Ne7 5. O-O O-O 6. c4 d5 7. Nc3 Nbc6 8. e5
dxc4 9. Bxc4 a6 10. a3 b5 11. Bb3 Bb7 12. Be3 1-0

[Event "AUTO-INT-1372"]
[Site "http://www.queenalice.com/game.php?id=616816"]
[Date "2009.7.11"]
[Round "1"]
[White "Cleverton__de_Oliveira"]
[Black "erivaldoadao"]
[Result "0-1"]
[WhiteElo "1627"]
[BlackElo "1778"]

1. d4 d5 2. c4 c6 3. e3 Nf6 4. Nf3 Bg4 5. Be2 e6 6. O-O g6 7. b3 Bg7 8. Bb2 O-O
9. Nc3 Nbd7 10. Rc1 a6 11. c5 Ne4 12. h3 Bxf3 13. Bxf3 e5 14. Nxe4 dxe4 15. Bxe4
Nf6 16. Bb1 exd4 17. Bxd4 Nd5 18. Bxg7 Kxg7 0-1

[Event "AUTO-INT-1372"]
[Site "http://www.queenalice.com/game.php?id=616817"]
[Date "2009.7.11"]
[Round "1"]
[White "erivaldoadao"]
[Black "Cleverton__de_Oliveira"]
[Result "1-0"]
[WhiteElo "1767"]
[BlackElo "1638"]

1. e4 c5 2. Nf3 e6 3. d4 b6 4. c3 Bb7 5. Bd3 d6 6. O-O Be7 7. Be3 Nf6 8. Nbd2
O-O 9. e5 dxe5 10. dxe5 Nfd7 11. Re1 Nc6 12. Qc2 h6 13. Be4 Qc7 14. Bxc6 Qxc6
15. Rab1 Nxe5 16. Bf4 Nxf3+ 17. Nxf3 Rad8 18. a3 g5 19. Be3 1-0

[Event "AUTO-INT-1372"]
[Site "http://www.queenalice.com/game.php?id=616818"]
[Date "2009.7.11"]
[Round "1"]
[White "Cleverton__de_Oliveira"]
[Black "wladimir"]
[Result "0-1"]
[WhiteElo "1603"]
[BlackElo "1676"]

1. d4 d5 2. c4 Nf6 3. e3 Bf5 4. Nf3 e6 5. Be2 Nc6 6. O-O h6 7. Nc3 a6 8. a3 Ng4
9. h3 Nf6 10. b4 Ne4 11. Nxe4 dxe4 12. Nd2 Qg5 13. Kh1 Qh4 14. Bg4 Bd6 15. c5
Bxg4 0-1

[Event "AUTO-INT-1372"]
[Site "http://www.queenalice.com/game.php?id=616819"]
[Date "2009.7.11"]
[Round "1"]
[White "wladimir"]
[Black "Cleverton__de_Oliveira"]
[Result "1-0"]
[WhiteElo "1689"]
[BlackElo "1590"]

1. e4 c5 2. Bc4 e6 3. Nf3 a6 4. d3 b5 5. Bb3 Bb7 6. Bf4 d6 7. c4 Nf6 8. h3 Be7
9. cxb5 axb5 10. Nc3 b4 11. Nb5 Qb6 12. Ba4 Bc6 13. Nxd6+ Bxd6 14. Bxd6 Bxa4 15.
e5 Bxd1 16. Kxd1 1-0